<?xml version="1.0" encoding="UTF-8"?>
<record
    xmlns:xsi="http://www.w3.org/2001/XMLSchema-instance"
    xsi:schemaLocation="http://www.loc.gov/MARC21/slim http://www.loc.gov/standards/marcxml/schema/MARC21slim.xsd"
    xmlns="http://www.loc.gov/MARC21/slim">

  <leader>01461    a2200205   4500</leader>
  <controlfield tag="001">39605</controlfield>
  <controlfield tag="005">20260407155653.0</controlfield>
  <controlfield tag="008">260407a1956    arg                 spa d</controlfield>
  <controlfield tag="003">AR-UNSa-BCEJYS</controlfield>
  <datafield tag="040" ind1=" " ind2=" ">
    <subfield code="a">AR-UNSa-BCEJYS</subfield>
    <subfield code="b">spa</subfield>
    <subfield code="c">AR-UNSa-BCEJYS</subfield>
  </datafield>
  <datafield tag="080" ind1=" " ind2=" ">
    <subfield code="a">658.3</subfield>
    <subfield code="x">Personal. Relaciones humanas en la empresa (Recursos Humanos)</subfield>
  </datafield>
  <datafield tag="245" ind1="1" ind2="0">
    <subfield code="a">El factor humano en la direcci&#xF3;n de empresas</subfield>
  </datafield>
  <datafield tag="264" ind1=" " ind2="1">
    <subfield code="a">Buenos Aires :</subfield>
    <subfield code="b">Bibliogr&#xE1;fica Argentina</subfield>
    <subfield code="c">1956</subfield>
  </datafield>
  <datafield tag="300" ind1=" " ind2=" ">
    <subfield code="a">345 p.</subfield>
    <subfield code="c">23 cm.</subfield>
  </datafield>
  <datafield tag="505" ind1=" " ind2=" ">
    <subfield code="a">Parte I: Generalidades: 1. Las relaciones humanas en la empresa moderna - 2. Las relaciones humanas en acci&#xF3;n - 3. La direcci&#xF3;n de empresas y una sociedad creadora - 4. Anclas en el cielo - Parte II. Interrelaciones : 5. El venturoso proceso del se&#xF1;or A, que habla con el Se&#xF1;or B - 6. La comunicaci&#xF3;n en el grupo de trabajo - 7. Barreras y puentes para la comunicaci&#xF3;n - Parte III: Administraci&#xF3;n : 8. El lider en acci&#xF3;n - 9. Las conciciones de un buen administrador - 10. El caso de acme - Parte IV: Supervisi&#xF3;n : 11. Los capataces - 12. Observando gente - 13. Resistencia a la preparaci&#xF3;n - Parte V: 14. El hombre en lal&#xED;nea de montaje - 15. Lo que los asalariados esperan de su trabajo - 16. C&#xF3;mo enfrentar la resistencia al cambio - 17. Principios filos&#xF3;ficos sobre direcci&#xF3;n de personal interpretados por un gremialista.</subfield>
  </datafield>
  <datafield tag="942" ind1=" " ind2=" ">
    <subfield code="c">BK</subfield>
  </datafield>
  <datafield tag="590" ind1=" " ind2=" ">
    <subfield code="a">niveau_biblio:m niveau_hierar:0</subfield>
  </datafield>
  <datafield tag="100" ind1="1" ind2=" ">
    <subfield code="a">Bursk, Edward C.</subfield>
  </datafield>
  <datafield tag="700" ind1="1" ind2=" ">
    <subfield code="a">Silver, Armando</subfield>
  </datafield>
  <datafield tag="999" ind1=" " ind2=" ">
    <subfield code="c">3069</subfield>
    <subfield code="d">3069</subfield>
  </datafield>
  <datafield tag="952" ind1=" " ind2=" ">
    <subfield code="0">0</subfield>
    <subfield code="1">0</subfield>
    <subfield code="4">0</subfield>
    <subfield code="7">0</subfield>
    <subfield code="a">BCEJYS</subfield>
    <subfield code="b">BCEJYS</subfield>
    <subfield code="c">16</subfield>
    <subfield code="d">2026-04-07</subfield>
    <subfield code="l">0</subfield>
    <subfield code="o">658.3 B945</subfield>
    <subfield code="p">L20020</subfield>
    <subfield code="r">2026-04-07 15:56:53</subfield>
    <subfield code="w">2026-04-07</subfield>
    <subfield code="y">L</subfield>
  </datafield>
</record>
